Estadística simplificada (Registro nro. 80283)

Detalles MARC
000 -ENCABEZADO
Número de control [NR] 00680nam a22002057a 4500
008 - DE LONGITUD FIJA DE DATOS DE ELEMENTOS - INFORMACIÓN GENERAL
Elementos de longitud fija [NR] 130821s1991 mx gr spa
020 ## - NUMERO INTERNACIONAL NORMALIZADO PARA LIBROS [R]
Número Internacional Normalizado del libro [NR] 9682433096
040 ## - FUENTE DE CATALOGACION [NR]
Agencia de catalogación original [NR] Co-BoUCM
Idioma de catalogación [NR] spa
041 00 - CODIGO DE IDIOMA [R]
Código de idioma para texto/pista de sonido o título separado [R] Español
060 ## - SIGNATURA TOPOGRAFICA DE LA BIBLIOTECA NACIONAL DE MEDICINA (NLM) [R]
Número clasificador [R] WA 950
Número de ítem [NR] C352e 1 ed.
-- 1991
100 ## - ASIENTO PRINCIPAL--NOMBRE PERSONAL [NR]
Nombre personal [NR] Castilla Serna, Luis
ID Autoridad 170385
245 00 - MENCION DE TITULO [NR]
Título [NR] Estadística simplificada
Parte restante del título [NR] Para la investigación en ciencias de la salud
Mención de responsabilidad, etc. [NR] Luis Castilla Serna
250 ## - MENCION DE EDICION [NR]
Mención de edición [NR] 1 ed
260 ## - PUBLICACION, DISTRIBUCION, ETC. (PIE DE IMPRENTA) [R]
Lugar de publicación, distribución, etc. [R] México D.F. (México)
Nombre del editor, distribuidor, etc. [R] Trillas
Fecha de publicación, distribución, etc. [R] 1991
300 ## - DESCRIPCION FISICA [R]
Extensión [R] 438 páginas
650 04 - ASIENTO SECUNDARIO DE MATERIA - TERMINO TEMATICO [R]
Término temático o nombre geográfico como elemento de entrada [NR] Estadística médica
9 (RLIN) 14995
650 04 - ASIENTO SECUNDARIO DE MATERIA - TERMINO TEMATICO [R]
Término temático o nombre geográfico como elemento de entrada [NR] Investigación médica
9 (RLIN) 18000
700 ## - ASIENTO SECUNDARIO - NOMBRE PERSONAL [R]
Nombre personal [NR] Cravioto, Joaquín
9 (RLIN) 170386
942 ## - ELEMENTOS DE ENTRADA AGREGADOS (KOHA)
Tipo de ítem principal el descrito en 300a Libro
Tema principal Medicina
Edición 1
Parte restante de la signatura top. C352E
Sistema de clasificación NLM
Clasificación WA 950
Título oculto en OPAC No
Existencias
Fecha de último préstamo Total préstamos Total Renewals Signatura topográfica Código de barras Última vez visto Volúmen / Fascículo Ejemplar Price effective from Tipo de ítem Perdido Sistema de clasificación Dañado No prestable Tipo de ítem específico Suprimido Ubicación habitual Ubicación actual Localización Fecha de creación Forma de adquisición Costo
10/04/2018 29 3 WA 950 C352E 200003591 12/12/2025 1 ED. 1991 Ej.1 03/02/2013 Libro   NLM     Libro   Quinta de Mutis Quinta de Mutis 1er piso 28/02/2003 Compra 0.00